<?xml version="1.0" encoding="UTF-8"?>
<record
    xmlns:xsi="http://www.w3.org/2001/XMLSchema-instance"
    xsi:schemaLocation="http://www.loc.gov/MARC21/slim http://www.loc.gov/standards/marcxml/schema/MARC21slim.xsd"
    xmlns="http://www.loc.gov/MARC21/slim">

  <leader>01112nam a22001457a 4500</leader>
  <controlfield tag="008">140918b        xxu||||| |||| 00| 0 eng d</controlfield>
  <datafield tag="020" ind1=" " ind2=" ">
    <subfield code="a">9789988960786</subfield>
  </datafield>
  <datafield tag="050" ind1=" " ind2=" ">
    <subfield code="a">KRX940.K86</subfield>
  </datafield>
  <datafield tag="100" ind1=" " ind2=" ">
    <subfield code="a">Kumado,Kofi.</subfield>
  </datafield>
  <datafield tag="245" ind1=" " ind2=" ">
    <subfield code="a">Introduction to the law of torts in Ghana. /</subfield>
    <subfield code="c">Kofi Kumado.</subfield>
  </datafield>
  <datafield tag="260" ind1=" " ind2=" ">
    <subfield code="a">Accra:</subfield>
    <subfield code="b">Black Mask Ltd,</subfield>
    <subfield code="c">2009.</subfield>
  </datafield>
  <datafield tag="300" ind1=" " ind2=" ">
    <subfield code="a">xxiv,260p.:</subfield>
    <subfield code="c">28cm.</subfield>
  </datafield>
  <datafield tag="505" ind1=" " ind2=" ">
    <subfield code="a">Contents:  Law of torts -- The basic of liability in modern torts law -- The task or aim of the law of torts -- Battery -- Assault -- Unlawful arrest -- False imprisonment -- Malicious prosecution -- The rule in Wilkinson v. Downton -- International interference with property -- Trespass to chattels -- Conversion -- Nuisance -- Rylands v. Fletcher -- Economic torts -- General negligence -- Breach of duty-standard of care --  Resultant damage, causation and remotness of danger -- Defences -- Employer's duty to his workers and to third parties -- Negligence in relation to premises or occupiers liability -- Negligence in relation chattels -- Liability for misstatements -- Death in relation to torts -- Defamation.  </subfield>
  </datafield>
  <datafield tag="942" ind1=" " ind2=" ">
    <subfield code="2">lcc</subfield>
    <subfield code="c">BK</subfield>
  </datafield>
  <datafield tag="999" ind1=" " ind2=" ">
    <subfield code="c">4983</subfield>
    <subfield code="d">12483</subfield>
  </datafield>
  <datafield tag="952" ind1=" " ind2=" ">
    <subfield code="0">0</subfield>
    <subfield code="1">0</subfield>
    <subfield code="2">lcc</subfield>
    <subfield code="4">0</subfield>
    <subfield code="7">0</subfield>
    <subfield code="a">WIUC-1</subfield>
    <subfield code="b">WIUC-1</subfield>
    <subfield code="c">LL</subfield>
    <subfield code="d">2014-09-18</subfield>
    <subfield code="l">0</subfield>
    <subfield code="o">KRX940.K86</subfield>
    <subfield code="p">38/13</subfield>
    <subfield code="r">2014-09-18 00:00:00</subfield>
    <subfield code="t">1</subfield>
    <subfield code="w">2014-09-18</subfield>
    <subfield code="y">BK</subfield>
  </datafield>
  <datafield tag="952" ind1=" " ind2=" ">
    <subfield code="0">0</subfield>
    <subfield code="1">0</subfield>
    <subfield code="2">lcc</subfield>
    <subfield code="4">0</subfield>
    <subfield code="7">0</subfield>
    <subfield code="a">WIUC-1</subfield>
    <subfield code="b">WIUC-1</subfield>
    <subfield code="c">LL</subfield>
    <subfield code="d">2014-09-18</subfield>
    <subfield code="l">0</subfield>
    <subfield code="o">KRX940.K861</subfield>
    <subfield code="p">39/13</subfield>
    <subfield code="r">2014-09-18 00:00:00</subfield>
    <subfield code="t">2</subfield>
    <subfield code="w">2014-09-18</subfield>
    <subfield code="y">BK</subfield>
  </datafield>
  <datafield tag="952" ind1=" " ind2=" ">
    <subfield code="0">0</subfield>
    <subfield code="1">0</subfield>
    <subfield code="2">lcc</subfield>
    <subfield code="4">0</subfield>
    <subfield code="7">0</subfield>
    <subfield code="a">WIUC-1</subfield>
    <subfield code="b">WIUC-1</subfield>
    <subfield code="c">LL</subfield>
    <subfield code="d">2014-09-18</subfield>
    <subfield code="l">0</subfield>
    <subfield code="o">KRX940.K862</subfield>
    <subfield code="p">40/13</subfield>
    <subfield code="r">2014-09-18 00:00:00</subfield>
    <subfield code="t">3</subfield>
    <subfield code="w">2014-09-18</subfield>
    <subfield code="y">BK</subfield>
  </datafield>
  <datafield tag="952" ind1=" " ind2=" ">
    <subfield code="0">0</subfield>
    <subfield code="1">0</subfield>
    <subfield code="2">lcc</subfield>
    <subfield code="4">0</subfield>
    <subfield code="7">0</subfield>
    <subfield code="a">WIUC-1</subfield>
    <subfield code="b">WIUC-1</subfield>
    <subfield code="c">LL</subfield>
    <subfield code="d">2015-06-10</subfield>
    <subfield code="l">0</subfield>
    <subfield code="o">KRX940.K863</subfield>
    <subfield code="p">2553/1550/15</subfield>
    <subfield code="r">2015-06-10 00:00:00</subfield>
    <subfield code="t">4</subfield>
    <subfield code="w">2015-06-10</subfield>
    <subfield code="y">BK</subfield>
  </datafield>
  <datafield tag="952" ind1=" " ind2=" ">
    <subfield code="0">0</subfield>
    <subfield code="1">0</subfield>
    <subfield code="2">lcc</subfield>
    <subfield code="4">0</subfield>
    <subfield code="7">0</subfield>
    <subfield code="a">WIUC-KL</subfield>
    <subfield code="b">WIUC-KL</subfield>
    <subfield code="c">LL</subfield>
    <subfield code="d">2019-08-22</subfield>
    <subfield code="o">KRX940.K861</subfield>
    <subfield code="p">KSL/100/19</subfield>
    <subfield code="r">2021-05-12 00:00:00</subfield>
    <subfield code="t">2</subfield>
    <subfield code="w">2021-05-12</subfield>
    <subfield code="y">BK</subfield>
  </datafield>
  <datafield tag="952" ind1=" " ind2=" ">
    <subfield code="0">0</subfield>
    <subfield code="1">0</subfield>
    <subfield code="2">lcc</subfield>
    <subfield code="4">0</subfield>
    <subfield code="7">0</subfield>
    <subfield code="a">WIUC-KL</subfield>
    <subfield code="b">WIUC-KL</subfield>
    <subfield code="c">LL</subfield>
    <subfield code="d">2019-08-22</subfield>
    <subfield code="l">0</subfield>
    <subfield code="o">KRX940.K86</subfield>
    <subfield code="p">KSL/099/19</subfield>
    <subfield code="r">2021-05-27 00:00:00</subfield>
    <subfield code="t">1</subfield>
    <subfield code="w">2021-05-27</subfield>
    <subfield code="y">BK</subfield>
  </datafield>
</record>
